[Event "19th EUR-ch"]
[Site "Batumi GEO"]
[Date "2018.03.19"]
[Round "3.94"]
[White "Mgeladze, Tamaz"]
[Black "Fernandez, Daniel Howard"]
[Result "1/2-1/2"]
[WhiteElo "2303"]
[BlackElo "2505"]
[EventDate "2018.03.17"]
[PlyCount "182"]

1.c4 g6 2.g3 Bg7 3.Bg2 e6 4.Nf3 Ne7 5.h4 c5 6.h5 Nbc6 7.Nc3 d5 8.d3 dxc4 
9.Ne4 f5 10.h6 Bd4 11.Nxd4 cxd4 12.Ng5 Qa5+ 13.Kf1 cxd3 14.Qxd3 Bd7 15.b4 
Qb6 16.Bb2 Qxb4 17.Rb1 Qa4 18.f4 Nd5 19.Bxd5 exd5 20.Kf2 O-O-O 21.Nf7 Rhe8
22.Nxd8 Kxd8 23.Bc1 b6 24.Qa3 Qc2 25.Qd3 Qxa2 26.Bd2 Bc8 27.Ra1 Qc4 28.
Rhc1 Qxd3 29.exd3 Re6 30.Rxc6 Rxc6 31.Rxa7 Rc7 32.Rxc7 Kxc7 33.Ke2 Kc6 34.
Kd1 Kc5 35.Kc2 Bd7 36.Kb3 Bb5 37.Bb4+ Kc6 38.Kc2 Ba4+ 39.Kb2 Bd1 40.Bf8 
Be2 41.Kc2 Kb5 42.Bg7 Ka4 43.Bxd4 b5 44.Be5 Ka3 45.Bb2+ Ka2 46.Bc3 Ka3 47.
Bb2+ Ka4 48.Be5 Bf1 49.Kc3 b4+ 50.Kd4 Bg2 51.Kc5 Kb3 52.Kd6 Kc2 53.Ke6 
Kxd3 54.Kf6 d4 55.Kg7 b3 56.Kxh7 b2 57.Kxg6 b1=Q 58.h7 Qb6+ 59.Kg5 Qd8+ 
60.Bf6 Qf8 61.g4 fxg4 62.h8=Q Qxh8 63.Bxh8 Bf3 64.Kh4 Ke3 65.Kg3 d3 66.Bc3
Ke4 67.Bd2 Kf5 68.Bc3 Bb7 69.Bd2 Bc8 70.Kf2 Ke4 71.Kg3 Bd7 72.Kf2 Bf5 73.
Kg3 Kd4 74.Kf2 Kc4 75.Ke3 Kb3 76.Ba5 Kc2 77.Bb4 Bc8 78.Ba5 Be6 79.Bb4 Kb3 
80.Be1 Kc4 81.Bh4 Bf5 82.Be1 Kb3 83.Ba5 Kc2 84.Bb4 Be6 85.Ba5 Bd5 86.f5 g3
87.f6 g2 88.Kf2 d2 89.Bxd2 Kxd2 90.f7 g1=B+ 91.Kxg1 Bxf7 1/2-1/2

[Event "19th EUR-ch"]
[Site "Batumi GEO"]
[Date "2018.03.19"]
[Round "3.95"]
[White "Sanikidze, Tornike"]
[Black "Eminov, Orkhan"]
[Result "1-0"]
[WhiteElo "2501"]
[BlackElo "2295"]
[EventDate "2018.03.17"]
[PlyCount "61"]

1.d4 Nf6 2.c4 g6 3.Nc3 Bg7 4.e4 d6 5.Be2 O-O 6.Bg5 Nc6 7.d5 Nb8 8.Qd2 Re8 
9.h4 h5 10.f3 Nbd7 11.Nh3 Ne5 12.Nf2 c6 13.O-O-O b5 14.Rdg1 bxc4 15.g4 
cxd5 16.exd5 Rb8 17.gxh5 Bf5 18.hxg6 fxg6 19.h5 Qa5 20.hxg6 Rb3 21.Nfd1 
Reb8 22.Bh6 Nxf3 23.Bxf3 Ne4 24.Bxg7 Nxd2 25.Bd4 e5 26.dxe6 Kf8 27.Bf6 
Bxe6 28.Rh8+ Bg8 29.Rxg8+ Kxg8 30.Rh1 Rxc3+ 31.Nxc3 1-0

[Event "19th EUR-ch"]
[Site "Batumi GEO"]
[Date "2018.03.19"]
[Round "3.96"]
[White "Demircioglu, Emre"]
[Black "Harutyunian, Tigran K."]
[Result "0-1"]
[WhiteElo "2285"]
[BlackElo "2501"]
[EventDate "2018.03.17"]
[PlyCount "106"]

1.d4 Nf6 2.Nc3 d5 3.Bf4 a6 4.e3 Bf5 5.Bd3 Bxd3 6.Qxd3 e6 7.Nf3 c5 8.O-O 
Nc6 9.a3 Rc8 10.Rad1 cxd4 11.exd4 Be7 12.Ne2 O-O 13.Ng3 Na5 14.c3 Nc4 15.
Qe2 b5 16.Ne1 a5 17.Nd3 Qb6 18.Bg5 Rfe8 19.Ra1 h6 20.Bxf6 Bxf6 21.Nh5 Bg5 
22.g3 g6 23.Nhf4 Bxf4 24.gxf4 Qd8 25.Rad1 Qf6 26.Kh1 Rb8 27.Rg1 Rec8 28.
Rg4 Qf5 29.f3 Rb6 30.Rdg1 Rcb8 31.R1g2 b4 32.axb4 axb4 33.cxb4 Rxb4 34.
Nxb4 Rxb4 35.Qe1 Rb3 36.R4g3 Nxb2 37.Qe5 Nd3 38.Qxf5 exf5 39.Rc2 Nxf4 40.
h4 Rd3 41.Kh2 Kg7 42.Rf2 Rxd4 43.Rg1 Kf6 44.Ra1 Rb4 45.Ra7 Ne6 46.Kg3 Rb3 
47.Rd7 Nc5 48.Rxd5 Ne4+ 49.Kg2 Nxf2 50.Kxf2 g5 51.Rd6+ Kg7 52.Rd4 Kg6 53.
Rd6+ f6 0-1

[Event "19th EUR-ch"]
[Site "Batumi GEO"]
[Date "2018.03.19"]
[Round "3.97"]
[White "Flom, Gabriel"]
[Black "Stukan, Martin"]
[Result "1-0"]
[WhiteElo "2493"]
[BlackElo "2210"]
[EventDate "2018.03.17"]
[PlyCount "75"]

1.d4 Nf6 2.Bg5 c5 3.d5 Ne4 4.h4 Qb6 5.Nd2 Nxg5 6.hxg5 g6 7.Rb1 Bg7 8.c3 d6
9.e3 Qc7 10.Bd3 e6 11.Ne2 exd5 12.Nf4 Be6 13.Nxe6 fxe6 14.Rxh7 Rxh7 15.
Bxg6+ Kd7 16.Bxh7 Nc6 17.Qh5 Rf8 18.Qg6 Be5 19.Bg8 Re8 20.f4 Qd8 21.Bf7 
Re7 22.Qh5 Bg7 23.g6 b5 24.Ke2 Kc7 25.Qh7 Qf8 26.Nf3 Nd8 27.Ng5 Bf6 28.Rh1
Nxf7 29.Nxf7 a5 30.Qh6 Qg8 31.Qh7 Qf8 32.Qh5 Qg8 33.Kf3 b4 34.Qg4 bxc3 35.
bxc3 Bxc3 36.Rh7 Bf6 37.Nh6 Qf8 38.Rxe7+ 1-0

[Event "19th EUR-ch"]
[Site "Batumi GEO"]
[Date "2018.03.19"]
[Round "3.98"]
[White "Yeritsian, Hayk"]
[Black "Zanan, Evgeny"]
[Result "0-1"]
[WhiteElo "2149"]
[BlackElo "2493"]
[EventDate "2018.03.17"]
[PlyCount "74"]

1.d4 d5 2.c4 e6 3.Nf3 a6 4.g3 dxc4 5.Bg2 Nc6 6.O-O Rb8 7.Nc3 Nf6 8.e4 Be7 
9.Bg5 h6 10.Bf4 b5 11.d5 Na5 12.Nd4 exd5 13.Nxd5 Nxd5 14.exd5 O-O 15.Qh5 
Bd6 16.Bxd6 Qxd6 17.Rfe1 Bd7 18.Rad1 Rfe8 19.Ne6 Bxe6 20.dxe6 Rxe6 21.Rxd6
Rxe1+ 22.Bf1 cxd6 23.Qd5 Nb7 24.Kg2 Nc5 25.Qxd6 Rc8 26.Qd2 Ra1 27.a3 Ra2 
28.Be2 Nd3 29.Bxd3 cxd3 30.Qxd3 Rxb2 31.Qd7 Rcc2 32.Kh3 Rxf2 33.Kg4 g6 34.
h3 Rf5 35.Qc8+ Kh7 36.Qxa6 Rc2 37.h4 h5+ 0-1

[Event "19th EUR-ch"]
[Site "Batumi GEO"]
[Date "2018.03.19"]
[Round "3.99"]
[White "Ferreira, Jorge Viterbo"]
[Black "Sargsian, Anna M."]
[Result "1-0"]
[WhiteElo "2492"]
[BlackElo "2188"]
[EventDate "2018.03.17"]
[PlyCount "57"]

1.e4 e5 2.Nf3 Nf6 3.Nxe5 d6 4.Nf3 Nxe4 5.Nc3 Nxc3 6.dxc3 Nc6 7.Be3 Be7 8.
Qd2 Bf5 9.O-O-O Qd7 10.Kb1 O-O 11.h4 Rae8 12.Nd4 Nxd4 13.Bxd4 Qe6 14.f3 h5
15.Bd3 Bxd3 16.Qxd3 Qg6 17.Qb5 c5 18.Be3 Qxg2 19.Rhg1 Qh2 20.Qxb7 Bf6 21.
Bc1 Rb8 22.Qd5 Bxc3 23.b3 Bd4 24.Rg5 Qxh4 25.Rxh5 Qe7 26.Rdh1 g6 27.Rh6 
Qf6 28.Bg5 Qe6 29.Qxd4 1-0

[Event "19th EUR-ch"]
[Site "Batumi GEO"]
[Date "2018.03.19"]
[Round "3.100"]
[White "Mikaelyan, Arman"]
[Black "Eynullayev, Atilla"]
[Result "1-0"]
[WhiteElo "2486"]
[BlackElo "2147"]
[EventDate "2018.03.17"]
[PlyCount "73"]

1.Nf3 c5 2.g3 Nf6 3.Bg2 d5 4.O-O e6 5.d3 Nc6 6.Nbd2 g6 7.e4 Bg7 8.exd5 
Nxd5 9.Ne4 b6 10.c4 Nde7 11.Bg5 f5 12.Nc3 h6 13.Bf4 O-O 14.h4 Bd7 15.Re1 
a6 16.Ne5 Rc8 17.Nxd7 Qxd7 18.Na4 Rcd8 19.Nxb6 Qa7 20.Na4 e5 21.Be3 Nd4 
22.Nc3 e4 23.Nd5 Nxd5 24.cxd5 Rxd5 25.dxe4 fxe4 26.Bxe4 Rd6 27.Qg4 Qf7 28.
Rac1 Qxa2 29.Rxc5 Qxb2 30.Rc8 Rxc8 31.Qxc8+ Kh7 32.h5 Qb6 33.hxg6+ Rxg6 
34.Bxd4 Bxd4 35.Qc2 a5 36.Bxg6+ Qxg6 37.Qc7+ 1-0

[Event "19th EUR-ch"]
[Site "Batumi GEO"]
[Date "2018.03.19"]
[Round "3.101"]
[White "Pavlov, Sergey"]
[Black "Uzunoglu, Efe Kerem"]
[Result "1-0"]
[WhiteElo "2485"]
[BlackElo "2060"]
[EventDate "2018.03.17"]
[PlyCount "89"]

1.c4 Nf6 2.Nc3 d5 3.cxd5 Nxd5 4.g3 g6 5.Bg2 Nb6 6.d4 Bg7 7.Nf3 Nc6 8.e3 
O-O 9.O-O Re8 10.Nh4 e5 11.d5 Na5 12.Rb1 Nac4 13.e4 c6 14.b3 Nd6 15.dxc6 
bxc6 16.Ba3 Nb5 17.Nxb5 Qxd1 18.Rfxd1 cxb5 19.Bf1 a6 20.Rbc1 Bf8 21.Bxf8 
Kxf8 22.Rc6 Re6 23.Rc7 Re7 24.Rd8+ Re8 25.Rd6 Re6 26.Rxe6 Bxe6 27.Nf3 Rc8 
28.Rxc8+ Nxc8 29.Nxe5 Nd6 30.f3 f5 31.Bd3 fxe4 32.fxe4 a5 33.Kf2 a4 34.
bxa4 bxa4 35.a3 Ke7 36.Ke3 Bb3 37.Kd4 Ke6 38.Nf3 h6 39.e5 Nf5+ 40.Bxf5+ 
Kxf5 41.Nh4+ Kg4 42.Nxg6 Kh3 43.Ke3 Kxh2 44.Kf2 Kh3 45.e6 1-0

[Event "19th EUR-ch"]
[Site "Batumi GEO"]
[Date "2018.03.19"]
[Round "3.102"]
[White "Lomaia, Diana"]
[Black "Jurcik, Marian"]
[Result "0-1"]
[WhiteElo "1742"]
[BlackElo "2473"]
[EventDate "2018.03.17"]
[PlyCount "128"]

1.e4 e5 2.Nf3 Nc6 3.Bb5 a6 4.Ba4 d6 5.Bxc6+ bxc6 6.d4 exd4 7.Qxd4 c5 8.Qd3
Ne7 9.O-O Ng6 10.Nc3 Be7 11.Nd5 O-O 12.Re1 Bb7 13.c4 Bf6 14.Rb1 Re8 15.Bd2
Bxd5 16.cxd5 a5 17.b3 Qd7 18.h3 Reb8 19.Rec1 h6 20.Qc4 Qe7 21.Qd3 Nf8 22.
Rc4 Qe8 23.Ra4 Qb5 24.Qxb5 Rxb5 25.Re1 Nd7 26.Rc4 Nb6 27.Rc2 a4 28.bxa4 
Rxa4 29.e5 dxe5 30.Nxe5 Nxd5 31.Nd7 Be7 32.Rec1 Rd4 33.Be1 Nf4 34.Nxc5 
Bxc5 35.Rxc5 Rxc5 36.Rxc5 Rd1 37.Re5 Nd3 38.Re8+ Kh7 39.Kf1 c5 40.a4 c4 
41.Re3 c3 42.Ke2 c2 43.Rxd3 Rxd3 44.Bd2 Rd5 45.a5 Rxa5 46.Kd3 Rc5 47.Bc1 
g5 48.Kd4 Rc8 49.Kd3 Kg6 50.Kd2 Kf5 51.Bb2 h5 52.Ba3 g4 53.hxg4+ hxg4 54.
Kc1 Ke4 55.Kd2 Rc4 56.Bb2 f5 57.Ba3 Kd5 58.Bb2 Kc5 59.Ba3+ Kb5 60.Bb2 Ka4 
61.Kc1 Kb3 62.Bf6 Re4 63.Kd2 Re6 64.Bg7 Rd6+ 0-1

[Event "19th EUR-ch"]
[Site "Batumi GEO"]
[Date "2018.03.19"]
[Round "3.103"]
[White "Kanmazalp, Ogulcan"]
[Black "Atakishiev, Elmar"]
[Result "1/2-1/2"]
[WhiteElo "2473"]
[BlackElo "1999"]
[EventDate "2018.03.17"]
[PlyCount "140"]

1.e4 e5 2.Nf3 Nc6 3.Bb5 Nge7 4.Nc3 g6 5.d4 Bg7 6.Nd5 exd4 7.Bg5 h6 8.Bf6 
Bxf6 9.Nxf6+ Kf8 10.Qd2 d5 11.Bxc6 Nxc6 12.Nxd5 Bf5 13.Nxc7 Qxc7 14.exf5 
Re8+ 15.Kf1 Qb6 16.fxg6 Qxb2 17.Rd1 fxg6 18.h4 Qxa2 19.Rh3 Qc4+ 20.Kg1 Re2
21.Qf4+ Qf7 22.Qg4 Qe6 23.Qf4+ Qf7 24.Qg3 Qf6 25.h5 g5 26.Qg4 Qe6 27.Qxe6 
Rxe6 28.Nxd4 Rd6 29.Rf3+ Kg8 30.Rfd3 Rxd4 31.Rxd4 Nxd4 32.Rxd4 Rh7 33.Rd6 
Kf8 34.Kf1 Ke7 35.Rg6 Kd7 36.g3 Kc7 37.Ke2 a5 38.Kd3 Rd7+ 39.Kc3 Rd6 40.f4
gxf4 41.gxf4 Kd7 42.Rg7+ Kc8 43.Rf7 Rd5 44.f5 b5 45.f6 Rf5 46.Kd4 a4 47.
Ke4 Rf1 48.Ke5 Kb8 49.Rd7 a3 50.Rd3 a2 51.Ra3 a1=Q+ 52.Rxa1 Rxa1 53.f7 Rf1
54.Ke6 Kc7 55.Ke7 Re1+ 56.Kf6 Rf1+ 57.Ke7 Re1+ 58.Kf6 Rf1+ 59.Kg7 Rg1+ 60.
Kh7 Rf1 61.Kg7 Rg1+ 62.Kxh6 Rf1 63.Kg7 Rg1+ 64.Kf6 Rf1+ 65.Ke7 Re1+ 66.Kf8
Kd7 67.h6 Rh1 68.Kg7 Rg1+ 69.Kf8 Rh1 70.Kg7 Rg1+ 1/2-1/2

[Event "19th EUR-ch"]
[Site "Batumi GEO"]
[Date "2018.03.19"]
[Round "3.104"]
[White "Fridman, Daniel"]
[Black "Martsvalashvili, Ruzvelt"]
[Result "1-0"]
[WhiteElo "2637"]
[BlackElo "1671"]
[EventDate "2018.03.17"]
[PlyCount "57"]

1.Nf3 d5 2.c4 e6 3.g3 Nf6 4.Bg2 b6 5.d4 Bb7 6.Ne5 Bb4+ 7.Nc3 O-O 8.Qa4 Be7
9.O-O c5 10.dxc5 Bxc5 11.Rd1 h6 12.cxd5 exd5 13.b4 Be7 14.Qb3 Qd6 15.Nd3 
a6 16.Bf4 Qd8 17.Ne5 g5 18.Nxd5 Nxd5 19.Bxd5 Bxd5 20.Rxd5 Qc8 21.Ng6 Bf6 
22.Rc1 gxf4 23.Rxc8 Rxc8 24.Rf5 Rc1+ 25.Kg2 Kg7 26.Nxf4 Nd7 27.Nh5+ Kg6 
28.Qd3 Bg5 29.Rf6+ 1-0

[Event "19th EUR-ch"]
[Site "Batumi GEO"]
[Date "2018.03.19"]
[Round "3.105"]
[White "Sargsian, Shant"]
[Black "Belous, Mikhail"]
[Result "1-0"]
[WhiteElo "2481"]
[BlackElo "2355"]
[EventDate "2018.03.17"]
[PlyCount "85"]

1.d4 Nf6 2.c4 e6 3.Nf3 Bb4+ 4.Bd2 Qe7 5.g3 Nc6 6.Nc3 Bxc3 7.Bxc3 Ne4 8.Qc2
Nxc3 9.Qxc3 O-O 10.Bg2 d6 11.O-O e5 12.d5 Nd8 13.c5 f5 14.Rac1 Nf7 15.cxd6
cxd6 16.Qc7 Qf6 17.e3 f4 18.exf4 exf4 19.Qc3 Qh6 20.Qd4 Ng5 21.Nxg5 Qxg5 
22.Rfe1 f3 23.Bf1 Bf5 24.Qb4 Rae8 25.Qxd6 Qd2 26.Red1 Qxb2 27.a3 Rd8 28.
Qc5 b6 29.Qe3 Rde8 30.Qc3 Qxc3 31.Rxc3 Rd8 32.d6 Be6 33.Re3 Rfe8 34.Rxe6 
Rxe6 35.Bc4 Kf7 36.Rd3 Kf6 37.Rxf3+ Ke5 38.Re3+ Kxd6 39.Bxe6 Kc5 40.Kg2 b5
41.h4 a5 42.h5 h6 43.Bf5 1-0

[Event "19th EUR-ch"]
[Site "Batumi GEO"]
[Date "2018.03.19"]
[Round "3.106"]
[White "Tifferet, Shaked"]
[Black "Neverov, Valeriy"]
[Result "0-1"]
[WhiteElo "2274"]
[BlackElo "2480"]
[EventDate "2018.03.17"]
[PlyCount "63"]

1.e4 e5 2.Nf3 Nc6 3.Nc3 Nf6 4.Be2 Bb4 5.Nd5 Be7 6.d3 d6 7.Nxe7 Qxe7 8.c3 
h6 9.h3 Bd7 10.c4 Nh7 11.Be3 Ng5 12.Qd2 Ne6 13.h4 O-O-O 14.h5 Ncd4 15.Bxd4
exd4 16.O-O-O Qf6 17.Rdf1 g5 18.hxg6 fxg6 19.g3 g5 20.Ng1 Nc5 21.f4 gxf4 
22.gxf4 Rdg8 23.f5 b5 24.cxb5 Bxb5 25.Nh3 d5 26.exd5 Qa6 27.Kb1 Rg2 28.Rf2
Rhg8 29.Rh2 R2g3 30.Nf4 Nxd3 31.Bxd3 Rg1+ 32.Rf1 0-1

[Event "19th EUR-ch"]
[Site "Batumi GEO"]
[Date "2018.03.19"]
[Round "3.107"]
[White "Sadikhov, Ulvi"]
[Black "Baglan, Esat"]
[Result "1-0"]
[WhiteElo "2477"]
[BlackElo "2341"]
[EventDate "2018.03.17"]
[PlyCount "53"]

1.e4 e5 2.Nf3 Nc6 3.c3 d5 4.Qa4 Qd6 5.d4 exd4 6.Nxd4 dxe4 7.Nb5 Qe5 8.g3 
e3 9.Bxe3 Bc5 10.Nxc7+ Qxc7 11.Bxc5 Qe5+ 12.Be3 Qd5 13.Rg1 Bd7 14.Nd2 Nf6 
15.O-O-O Bg4 16.f3 Bxf3 17.Nxf3 Qxf3 18.Bc5 Nd7 19.Re1+ Kd8 20.Bd6 Qf6 21.
Rd1 Re8 22.Qb5 Kc8 23.Bg2 a6 24.Qa4 Re2 25.Bxc6 Qh6+ 26.Kb1 Nb6 27.Qg4+ 
1-0

[Event "19th EUR-ch"]
[Site "Batumi GEO"]
[Date "2018.03.19"]
[Round "3.108"]
[White "Lobanov, Sergei"]
[Black "Konaplev, Anton"]
[Result "1-0"]
[WhiteElo "2468"]
[BlackElo "2337"]
[EventDate "2018.03.17"]
[PlyCount "93"]

1.e4 e6 2.d4 d5 3.Nc3 Bb4 4.e5 Ne7 5.a3 Bxc3+ 6.bxc3 c5 7.Qg4 cxd4 8.cxd4 
Qc7 9.Ra2 O-O 10.Bd3 f5 11.exf6 Rxf6 12.Qh5 g6 13.Qg5 Nd7 14.Nf3 Nf5 15.
O-O Rf8 16.a4 Qd8 17.c3 Qxg5 18.Nxg5 Nb8 19.Re1 Ng7 20.Ba3 Re8 21.a5 Nc6 
22.Bd6 Bd7 23.f4 Nd8 24.Bc5 Nh5 25.g3 Nf6 26.Rae2 Kg7 27.Kg2 Rc8 28.Rb1 a6
29.h3 h6 30.Nf3 Bb5 31.Bxb5 axb5 32.Nd2 Nd7 33.Rxb5 Nxc5 34.dxc5 Re7 35.
Nb3 Rec7 36.Rb6 Kf7 37.g4 Nc6 38.Nd4 Nxa5 39.Nb5 Rc6 40.Nd6+ Rxd6 41.Rxd6 
Re8 42.g5 hxg5 43.fxg5 Nb3 44.c6 bxc6 45.Rxc6 e5 46.Rb2 Na5 47.Ra6 1-0

[Event "19th EUR-ch"]
[Site "Batumi GEO"]
[Date "2018.03.19"]
[Round "3.109"]
[White "Garayev, Kanan"]
[Black "Firat, Burak"]
[Result "0-1"]
[WhiteElo "2252"]
[BlackElo "2453"]
[EventDate "2018.03.17"]
[PlyCount "88"]

1.d4 Nf6 2.c4 g6 3.Nc3 d5 4.cxd5 Nxd5 5.e4 Nxc3 6.bxc3 Bg7 7.Bc4 O-O 8.Ne2
Nc6 9.O-O b6 10.Be3 Bb7 11.Rc1 Qd6 12.Qd2 Na5 13.Bd3 c5 14.Bh6 e5 15.Bxg7 
Kxg7 16.dxe5 Qxe5 17.f4 Qd6 18.f5 h6 19.Qe3 Rad8 20.Rf3 c4 21.Bc2 Qd2 22.
Qf2 Nc6 23.fxg6 Ne5 24.Rf6 Rd7 25.gxf7 Ng4 26.Qg3 Kxf6 27.Qxg4 Rdxf7 28.
Rd1 Qe3+ 29.Kh1 Qg5 30.Rd6+ Kg7 31.Qxg5+ hxg5 32.h3 Rf6 33.Rd7+ R8f7 34.
Rd8 Rf8 35.Rd7+ R8f7 36.Rd8 Rf1+ 37.Kh2 Re1 38.Ng3 Rc1 39.Rd2 Kf6 40.a4 
Ke5 41.Re2 Bc6 42.Rd2 a5 43.Ne2 Rf2 44.Kg3 Rcf1 0-1

[Event "19th EUR-ch"]
[Site "Batumi GEO"]
[Date "2018.03.19"]
[Round "3.110"]
[White "Gokhvat, Peter"]
[Black "Asadli, Vugar"]
[Result "0-1"]
[WhiteElo "2248"]
[BlackElo "2449"]
[EventDate "2018.03.17"]
[PlyCount "78"]

1.d4 Nf6 2.Nf3 e6 3.e3 d5 4.Bd3 c5 5.c3 Nc6 6.O-O Bd6 7.Nbd2 O-O 8.Qe2 c4 
9.Bc2 e5 10.dxe5 Nxe5 11.Nxe5 Bxe5 12.e4 Qc7 13.exd5 Bg4 14.f3 Rfe8 15.
Qxc4 Qb6+ 16.Kh1 Bd7 17.Qh4 Rac8 18.Ne4 Nxd5 19.Bb3 Bc6 20.Bg5 h6 21.Bxh6 
gxh6 22.Qxh6 Bg7 23.Qh5 Re5 24.Ng5 Rc7 25.Rad1 Rd7 26.Rfe1 Qc7 27.Qh7+ Kf8
28.Qh4 Rde7 29.Re4 f5 30.Red4 Nf6 31.Rd8+ Be8 32.f4 Re2 33.Nf3 Ng4 34.Ng5 
Bf6 35.h3 Qxf4 36.hxg4 Qxg5 37.Qxg5 Bxg5 38.gxf5 Rh7+ 39.Kg1 Be3+ 0-1

[Event "19th EUR-ch"]
[Site "Batumi GEO"]
[Date "2018.03.19"]
[Round "3.111"]
[White "Oglaza, Oskar"]
[Black "Vykouk, Jan"]
[Result "1/2-1/2"]
[WhiteElo "2240"]
[BlackElo "2445"]
[EventDate "2018.03.17"]
[PlyCount "53"]

1.e4 c5 2.Nf3 e6 3.d4 cxd4 4.Nxd4 a6 5.Bd3 Qc7 6.Qe2 d6 7.c4 Nf6 8.O-O Be7
9.Nc3 Nbd7 10.f4 O-O 11.Be3 b6 12.Bf2 Re8 13.Kh1 Bb7 14.Bg3 Qc5 15.Nxe6 
fxe6 16.e5 d5 17.exf6 Bxf6 18.Qc2 h6 19.f5 dxc4 20.Be4 Bc6 21.Rad1 Bxc3 
22.Bxc6 Qxc6 23.Rd6 Qc8 24.bxc3 exf5 25.Qxf5 Rf8 26.Qd5+ Kh8 27.Rxh6+ 
1/2-1/2

[Event "19th EUR-ch"]
[Site "Batumi GEO"]
[Date "2018.03.19"]
[Round "3.112"]
[White "Yuksel, Atilla Koksal"]
[Black "Pechac, Jergus"]
[Result "1/2-1/2"]
[WhiteElo "2237"]
[BlackElo "2440"]
[EventDate "2018.03.17"]
[PlyCount "72"]

1.e4 e5 2.d4 exd4 3.Qxd4 Nc6 4.Qe3 Nf6 5.Nc3 Be7 6.Bd2 d5 7.exd5 Nxd5 8.
Nxd5 Qxd5 9.Ne2 Bf5 10.Nc3 Qd7 11.O-O-O O-O-O 12.Bb5 Kb8 13.Bxc6 bxc6 14.
Na4 Qe6 15.Qb3+ Qxb3 16.axb3 h5 17.Rhe1 Bf6 18.Nc5 h4 19.h3 Rd5 20.Be3 
Rhd8 21.c3 a5 22.Rxd5 Rxd5 23.Rd1 g5 24.f3 Be7 25.Rxd5 cxd5 26.Kd2 c6 27.
Bd4 f6 28.Nd3 Kc7 29.Ke3 Bc8 30.Nc5 Kd6 31.Kd2 Bd8 32.Ke3 Ke7 33.Nd3 Ke6 
34.f4 Kf5 35.fxg5 fxg5 36.Kf3 Bd7 1/2-1/2

[Event "19th EUR-ch"]
[Site "Batumi GEO"]
[Date "2018.03.19"]
[Round "3.113"]
[White "Babazada, Khazar"]
[Black "Perunovic, Miodrag"]
[Result "0-1"]
[WhiteElo "2230"]
[BlackElo "2429"]
[EventDate "2018.03.17"]
[PlyCount "35"]

1.Nf3 Nf6 2.g3 e6 3.Bg2 d5 4.O-O Be7 5.b3 O-O 6.Bb2 a5 7.a3 c5 8.c4 d4 9.
e3 Nc6 10.exd4 cxd4 11.Re1 Qd6 12.a4 Nd7 13.Na3 e5 14.Nb5 Qb8 15.d3 Bb4 
16.Re4 Nc5 17.Rh4 f5 18.Ng5 0-1

[Event "19th EUR-ch"]
[Site "Batumi GEO"]
[Date "2018.03.19"]
[Round "3.114"]
[White "Suleymanli, Aydin"]
[Black "Haria, Ravi"]
[Result "0-1"]
[WhiteElo "2210"]
[BlackElo "2424"]
[EventDate "2018.03.17"]
[PlyCount "56"]

1.d4 e6 2.c4 b6 3.Nc3 Bb4 4.Nf3 Bb7 5.Bg5 f6 6.Bf4 f5 7.e3 Nf6 8.Bd3 O-O 
9.O-O Bxc3 10.bxc3 d6 11.Nd2 Nbd7 12.Bg3 Qe8 13.f3 Nh5 14.Bf2 Qg6 15.Rb1 
a5 16.Bc2 Nhf6 17.Bg3 Qh6 18.e4 Nh5 19.Bf2 Qg5 20.Kh1 Ndf6 21.Qe1 Nf4 22.
Rg1 Rae8 23.Bh4 Qh6 24.Bxf6 Qxf6 25.Nf1 e5 26.Qf2 fxe4 27.Bxe4 Qh6 28.Qd2 
Ba6 0-1

[Event "19th EUR-ch"]
[Site "Batumi GEO"]
[Date "2018.03.19"]
[Round "3.115"]
[White "Ushenina, Anna"]
[Black "Pogosyan, Stefan"]
[Result "1-0"]
[WhiteElo "2423"]
[BlackElo "2322"]
[EventDate "2018.03.17"]
[PlyCount "112"]

1.d4 Nf6 2.c4 c5 3.d5 b5 4.cxb5 a6 5.bxa6 e6 6.a7 Rxa7 7.dxe6 fxe6 8.Nf3 
d5 9.g3 Be7 10.Bg2 O-O 11.O-O Nbd7 12.Nbd2 Qb6 13.b3 Bb7 14.Qc2 e5 15.e4 
d4 16.Ne1 Qe6 17.Nd3 Ba6 18.a4 Nb6 19.Re1 Nfd7 20.Nb2 Qf7 21.f3 Bg5 22.Nf1
Be7 23.Nd2 Bg5 24.Nb1 Be7 25.Na3 Rc8 26.Bd2 c4 27.Naxc4 Nxc4 28.bxc4 Rb7 
29.a5 Nc5 30.Rab1 Rcb8 31.Red1 Rb3 32.Be1 Bg5 33.Nd3 Rxb1 34.Rxb1 Rxb1 35.
Qxb1 Nxd3 36.Qxd3 Qxc4 37.Qxc4+ Bxc4 38.Bf1 d3 39.f4 exf4 40.Bd2 Bf6 41.
gxf4 Bd4+ 42.Kg2 Kf7 43.Kf3 Ke6 44.h4 Kd6 45.Bh3 Ba6 46.h5 h6 47.Bf5 Kc5 
48.Be6 Bb2 49.Bb3 Kd4 50.e5 Bb7+ 51.Kf2 Ke4 52.Bc4 Bd4+ 53.Ke1 Bc5 54.Bc3 
Kxf4 55.Bxd3 Bc8 56.Kd2 Ba7 1-0

[Event "19th EUR-ch"]
[Site "Batumi GEO"]
[Date "2018.03.19"]
[Round "3.116"]
[White "Nikolaidis, Konstantinos"]
[Black "Janik, Igor"]
[Result "0-1"]
[WhiteElo "2184"]
[BlackElo "2422"]
[EventDate "2018.03.17"]
[PlyCount "86"]

1.d4 d6 2.e4 Nf6 3.Bd3 Nc6 4.c3 e5 5.d5 Ne7 6.c4 g6 7.Nc3 Bg7 8.Nge2 O-O 
9.f3 Nd7 10.Be3 f5 11.Qd2 c6 12.O-O-O cxd5 13.cxd5 a6 14.Kb1 b5 15.Rc1 Nf6
16.h3 Bd7 17.g4 Rf7 18.gxf5 gxf5 19.Rcg1 f4 20.Bf2 Kh8 21.Rg2 Bh6 22.h4 
Nh5 23.Rhg1 Qc7 24.Nc1 Rg7 25.Rxg7 Bxg7 26.N3e2 Bf6 27.Nb3 Ng6 28.Rc1 Qd8 
29.Qb4 Be8 30.Na5 Qe7 31.Nc6 Qd7 32.Rh1 Ne7 33.Rc1 Ng7 34.a4 bxa4 35.Nb8 
Qd8 36.Nc6 Qd7 37.Nb8 Qh3 38.Qxd6 Qxf3 39.Qxf6 Qxd3+ 40.Rc2 Rxb8 41.Qxe7 
Bg6 42.Nc3 a3 43.Bb6 a2+ 0-1

[Event "19th EUR-ch"]
[Site "Batumi GEO"]
[Date "2018.03.19"]
[Round "3.117"]
[White "Abdullayev, Elshad"]
[Black "Danielian, Elina"]
[Result "1-0"]
[WhiteElo "2168"]
[BlackElo "2413"]
[EventDate "2018.03.17"]
[PlyCount "67"]

1.d4 Nf6 2.Nf3 e6 3.c4 c5 4.d5 exd5 5.cxd5 g6 6.Nc3 d6 7.Bf4 Bg7 8.Qa4+ 
Bd7 9.Qb3 Qc7 10.h3 O-O 11.e3 Na6 12.Nd2 Rab8 13.Bb5 Nb4 14.Be2 b5 15.a3 
Na6 16.O-O c4 17.Qa2 Rfe8 18.Rac1 Nc5 19.b3 a5 20.bxc4 b4 21.Nb5 Bxb5 22.
cxb5 bxa3 23.Nc4 Nfe4 24.Qxa3 g5 25.Bh2 Bf8 26.f3 Nf6 27.b6 Rxb6 28.Qxa5 
Nxd5 29.Nxb6 Nxb6 30.e4 Ra8 31.Qd2 h6 32.Rfd1 Nc8 33.Bc4 Ra3 34.Kh1 1-0

[Event "19th EUR-ch"]
[Site "Batumi GEO"]
[Date "2018.03.19"]
[Round "3.118"]
[White "Eynullayev, Altay"]
[Black "Bagaturov, Giorgi"]
[Result "0-1"]
[WhiteElo "2163"]
[BlackElo "2410"]
[EventDate "2018.03.17"]
[PlyCount "72"]

1.d4 Nf6 2.c4 e6 3.g3 c5 4.d5 exd5 5.cxd5 d6 6.Nc3 g6 7.Bg2 Bg7 8.Nf3 O-O 
9.O-O a6 10.a4 Nbd7 11.Bf4 Qe7 12.Rb1 Re8 13.b4 Nh5 14.Bg5 Qf8 15.Bd2 cxb4
16.Rxb4 Nc5 17.a5 Bd7 18.Nd4 Rac8 19.Qb1 Qe7 20.Rc1 Rc7 21.Nb3 Rec8 22.
Nxc5 Rxc5 23.Ne4 Rxc1+ 24.Bxc1 Bb5 25.Bh3 f5 26.g4 Qh4 27.Bg2 fxe4 28.gxh5
Qxh5 29.Rxe4 Bxe2 30.Be3 Bb5 31.Bf4 Bh6 32.Be3 Bxe3 33.Rxe3 Qf5 34.Qe1 Qf6
35.Rf3 Qe5 36.Qd2 Qa1+ 0-1

[Event "19th EUR-ch"]
[Site "Batumi GEO"]
[Date "2018.03.19"]
[Round "3.119"]
[White "Qalagashvili, Pridon"]
[Black "Ozen, Deniz"]
[Result "0-1"]
[WhiteElo "2153"]
[BlackElo "2407"]
[EventDate "2018.03.17"]
[PlyCount "79"]

1.c4 e5 2.Nc3 Nf6 3.g3 Bb4 4.Bg2 O-O 5.Nf3 Re8 6.O-O c6 7.Qb3 Bf8 8.e4 c5 
9.d3 Nc6 10.Nd5 h6 11.Be3 d6 12.h3 g6 13.Qd1 Bg7 14.Qd2 Kh7 15.Nh2 Nxd5 
16.cxd5 Nd4 17.f4 exf4 18.Bxf4 Qe7 19.g4 Bd7 20.Nf3 Rf8 21.Nxd4 Bxd4+ 22.
Kh1 g5 23.Bg3 f6 24.Rab1 a5 25.Bf3 Kg7 26.Qh2 Be5 27.Kg2 a4 28.Rf2 b5 29.
Rh1 b4 30.h4 Rh8 31.Be2 Kf8 32.Rhf1 Be8 33.h5 Bd7 34.Kg1 Rd8 35.Kg2 Rg8 
36.Rc1 Be8 37.Bf3 Bb5 38.Rd2 Re8 39.b3 axb3 40.axb3 0-1

[Event "19th EUR-ch"]
[Site "Batumi GEO"]
[Date "2018.03.19"]
[Round "3.120"]
[White "Soysal, Serkan"]
[Black "Barseghian, Armen Ar."]
[Result "1-0"]
[WhiteElo "2406"]
[BlackElo "2298"]
[EventDate "2018.03.17"]
[PlyCount "73"]

1.d4 Nf6 2.c4 c5 3.d5 e6 4.Nc3 exd5 5.cxd5 d6 6.e4 g6 7.f4 Bg7 8.Bb5+ Nfd7
9.Bd3 O-O 10.Nf3 Qb6 11.Nd2 a6 12.Nc4 Qc7 13.a4 Nb6 14.Ne3 c4 15.Bc2 a5 
16.O-O Na6 17.f5 Re8 18.f6 Bf8 19.Ng4 Bxg4 20.Qxg4 Nb4 21.Bb1 Nd7 22.Be3 
Ne5 23.Qh4 h5 24.h3 Qc8 25.Kh1 Nbd3 26.Bc2 Nd7 27.g4 hxg4 28.hxg4 Re5 29.
Kg2 Nxf6 30.Rxf6 Be7 31.Raf1 Bxf6 32.Rxf6 Ne1+ 33.Qxe1 Qxg4+ 34.Qg3 Qh5 
35.Rf1 Qh7 36.Bd1 f5 37.Bd4 1-0

[Event "19th EUR-ch"]
[Site "Batumi GEO"]
[Date "2018.03.19"]
[Round "3.121"]
[White "Mirzoev, Emil"]
[Black "Sandu, Mihaela"]
[Result "1-0"]
[WhiteElo "2405"]
[BlackElo "2289"]
[EventDate "2018.03.17"]
[PlyCount "63"]

1.Nf3 Nf6 2.g3 d5 3.Bg2 e6 4.O-O c5 5.d3 Nc6 6.Nbd2 Be7 7.e4 O-O 8.Re1 b5 
9.e5 Nd7 10.Nf1 b4 11.h4 a5 12.Bf4 a4 13.a3 bxa3 14.bxa3 Rb8 15.h5 Rb6 16.
Be3 Ba6 17.N1h2 Na7 18.h6 g6 19.Qd2 Nb5 20.c3 d4 21.c4 Nc3 22.Bg5 Bb7 23.
Bxe7 Qxe7 24.Ng5 Ba8 25.Ng4 Rfb8 26.Qf4 Rb2 27.Bf1 Rc2 28.Bg2 Bxg2 29.Kxg2
Ne2 30.Qf3 Qxg5 31.Rxe2 Rxe2 32.Qxe2 1-0